Estructura del sector agrícola en Jalisco : encuesta en 18 municipios.

Guardado en:
Detalles Bibliográficos
Autor principal: González Romero, Vicente (autor)
Formato: Libro
Idioma:Español
Temas:
Etiquetas: Agrega una etiqueta
Sin etiquetas, Sé el primero en etiquetar este registro!

MARC

LEADER 00000cam^a2200000uu^4500
001 000477618
005 20250521000000.0
008 050901s1969^^^^^^^^^^^^rd^r^^000^0^spa^d
009 20260310124853.979
035 |a FCE 000020590 
035 |a FCE 029968 
037 |a Acervo ITESO - Biblioteca 
041 |a spa 
082 0 4 |a 630.7235  |b GONe 
100 |a González Romero, Vicente  |e (autor) 
245 1 0 |a Estructura del sector agrícola en Jalisco :  |b encuesta en 18 municipios. 
264 |a México :  |b Escuela Nacional de Agricultura,  |c 1969. 
300 |a 161 p. 
336 |a texto  |b txt  |2 rdacontenido 
337 |a sin mediación  |b n  |2 rdamedio 
338 |a volumen  |b nc  |2 rdasoporte 
649 |a XX 
650 |a Agricultura 
650 |a Administración agrícola 
650 |a Sector agrícola 
650 |a Jalisco, México 
910 |a Fondo Centro de Estudios Educativos 
920 |a Impresos - Libros 
930 |a Fondos Especiales 
905 |a 133 
901 |a ALE029968  |b IT2  |c CEE  |u 20250521 
902 |a https://opac.biblio.iteso.mx/vufind/Record/000477618